| 000 | 00971nam a22002417a 4500 | ||
|---|---|---|---|
| 005 | 20170124103208.0 | ||
| 010 | _aA-912825 | ||
| 020 | _c00.00 | ||
| 035 | _aA-912825 | ||
| 037 | _bCen Lib/Ret | ||
| 040 |
_aDPL _bHN |
||
| 082 |
_a307.7720904 _bनायडू |
||
| 100 |
_aनायडू, पी. आर. _995352 |
||
| 245 |
_aभारत के आदिवासी विकास की समस्याएं / _c पी. आर. नायडू |
||
| 246 |
_aBharat ke aadivasi vikas ki samasyayen _bby P.R. Naydu |
||
| 300 |
_a469पृष्ठ. _c20सेमी(सजिल्द) |
||
| 500 | _aसन्दर्भ ग्रन्थ सूची शामिल | ||
| 650 |
_aभारतीय समुदाय _995353 |
||
| 650 |
_aआदिवासी उपयोजना _995354 |
||
| 650 |
_aIndian community _995355 |
||
| 650 |
_aTribal Sub Plan _995356 |
||
| 942 |
_2ddc _cHN _h307.7720904 _mनायडू |
||
| 999 |
_c121175 _d121175 |
||